| 000 -LEADER | |
|---|---|
| fixed length control field | 00425nam a22001697a 4500 |
| 005 - DATE AND TIME OF LATEST TRANSACTION | |
| control field | 20180718152641.0 |
| 008 - FIXED-LENGTH DATA ELEMENTS--GENERAL INFORMATION | |
| fixed length control field | 160525b xxu||||| |||| 00| 0 eng d |
| 020 ## - INTERNATIONAL STANDARD BOOK NUMBER | |
| ISBN | 978-81-7446-670-9 |
| 041 ## - LANGUAGE CODE | |
| Language code of text/sound track or separate title | eng |
| 082 ## - DEWEY DECIMAL CLASSIFICATION NUMBER | |
| Item number | 4858 |
| Classification number | 658.1599 |
| 100 ## - MAIN ENTRY--AUTHOR NAME | |
| Personal name | Srivastava, R.M. |
| 245 ## - TITLE STATEMENT | |
| Title | Multinational Financial Mgt. |
| 260 ## - PUBLICATION, DISTRIBUTION, ETC. (IMPRINT) | |
| Place of publication | New Delhi |
| Name of publisher | Academic Faundation |
| 300 ## - PHYSICAL DESCRIPTION | |
| Number of Pages | 360p, |
| 650 ## - SUBJECT ADDED ENTRY--TOPICAL TERM | |
| Topical Term | Management |
| 942 ## - ADDED ENTRY ELEMENTS (KOHA) | |
| Koha item type | Books |
| Lost status | Damaged status | Collection code | Home library | Current library | Shelving location | Date acquired | Cost, normal purchase price | Full call number | Accession Number | Koha item type |
|---|---|---|---|---|---|---|---|---|---|---|
| MANAGEMENT | JRU Library | JRU Library | SHELF-60-K | 25/05/2016 | 275.00 | 658.1599 | 4858 | Books | ||
| MANAGEMENT | JRU Library | JRU Library | SHELF-60-K | 25/05/2016 | 275.00 | 658.1599 | 4859 | Books | ||
| MANAGEMENT | JRU Library | JRU Library | SHELF-63-N | 25/05/2016 | 275.00 | 658.1599 | 4860 | Books | ||
| MANAGEMENT | JRU Library | JRU Library | SHELF-60-K | 25/05/2016 | 275.00 | 658.1599 | 4861 | Books | ||
| MANAGEMENT | JRU Library | JRU Library | SHELF-60-K | 25/05/2016 | 275.00 | 658.1599 | 4862 | Books | ||
| Reference | JRU Library | SHELF-30-E | 25/05/2016 | 275.00 | 658.1599 | 4863 | Books | |||
| MANAGEMENT | JRU Library | JRU Library | SHELF-60-K | 25/05/2016 | 275.00 | 658.1599 | 4864 | Books | ||
| MANAGEMENT | JRU Library | JRU Library | SHELF-60-K | 25/05/2016 | 275.00 | 658.1599 | 4865 | Books | ||
| MANAGEMENT | JRU Library | JRU Library | SHELF-60-K | 25/05/2016 | 275.00 | 658.1599 | 4866 | Books | ||
| MANAGEMENT | JRU Library | JRU Library | SHELF-60-K | 25/05/2016 | 275.00 | 658.1599 | 4867 | Books |